| 000 | 00899nam a22002417a 4500 | ||
|---|---|---|---|
| 999 |
_c18712 _d18712 |
||
| 003 | AR-CdUCM | ||
| 008 | 190515b ||||| |||| 00| 0 spa d | ||
| 040 |
_aMUNICIPALIDAD PROVINCIAL DEL CUSCO _cBIBLIOTECA MUNICIPAL DEL CUSCO |
||
| 041 | _heng | ||
| 082 |
_a333.72 / _bZ77 |
||
| 100 |
_aZimmermann, Erich Walter _939455 |
||
| 245 | _aIntroducción a los recursos mundiales / | ||
| 260 |
_aBarcelona : _bOikos-tau, _c1966. |
||
| 300 |
_a257 páginas ; _c22 cm. |
||
| 505 | _aContenido: Significado y naturaleza de los recursos -- Valoración de los recursos -- Clases de energía y sus orígenes... | ||
| 650 |
_aRecursos naturales _91988 |
||
| 650 |
_aFuerza y energía _939456 |
||
| 650 |
_aDistribución geográfica _939457 |
||
| 700 |
_aEstrada, Jordi (traducción) _939458 |
||
| 700 |
_aHunker, Henry L. (dirigida y revisada) _939459 |
||
| 942 |
_2ddc _cLIBROS |
||
| 945 |
_adavv _d2019-05-15 |
||